000 00434 a2200145 4500
999 _c5230
_d5230
020 _a9780131212060
050 _aQA276.12 FRE 2004
100 _aFreund, John E.
_eauthor
245 _aStatistics :
_ba first course /
_cJohn E Freund
264 _aEnglewood Cliffs, N.J:
_b Prentice-Hall .,
_c2004
300 _axii, 340 pages illustrations 24 cm
500 _aincludes index
650 _aStatistics
942 _2lcc
_cBK
_h275.12
_iFRE
_kQA